| 000 | 00853nam a2200253 i 4500 | ||
|---|---|---|---|
| 003 | DO-SdBNP | ||
| 005 | 20250422182808.0 | ||
| 007 | ta | ||
| 008 | 240610s2024 dr d 000 0 spa d | ||
| 020 | _a9789945623246 | ||
| 040 |
_aDO-SdBNP _bspa _cBNPHU _erda |
||
| 082 |
_222 _bP123d |
||
| 100 |
_aPadilla Guerrero, Amable _eautor _985609 |
||
| 110 | 1 |
_aRepública Dominicana. Ministerio de Economía, Planificación y Desarrollo. _bOficina Nacional de Estadística _975806 |
|
| 245 | 1 | 0 |
_aLa diplomacia y otros ejes de la gobernanza mundial : _bcompendio |
| 264 | 1 |
_aSanto Domingo : _bINESDYC, _c2024. |
|
| 300 |
_a82 páginas : _bilustraciones ; _c23 cm. |
||
| 336 |
_2rdacontent _atexto _btxt |
||
| 337 |
_2rdamedia _asin mediación _bn |
||
| 338 |
_2rdacarrier _avolumen _bnc |
||
| 590 | _aInventariado, 2024/ DG | ||
| 910 | _aDG | ||
| 942 |
_2ddc _cLBS1 |
||
| 999 |
_c56789 _d56789 |
||